JR・大手私鉄以外の始発列車が4時台の駅 - Statistics

General Stats
  • This quiz has been taken 10 times
    9 since last reset
  • The average score is 12 of 45
Answer Stats
地方 駅名 時刻 種別・行き先 % Correct
関西 鈴蘭台 4:50 新開地
56%
関西 有馬温泉 有馬口
56%
関東 ユーカリが丘 4:35 ユーカリが丘
44%
公園 4:38 ユーカリが丘
44%
女子大 4:40 ユーカリが丘
44%
井野(千葉県) 4:44 ユーカリが丘
44%
関西 ウッディタウン中央 4:52 芳賀・高根沢工業団地
44%
関西 鵯越 新開地
44%
関東 元町・中華街 和光市
44%
日本大通り 和光市
44%
丸山(兵庫県) 新開地
44%
関西 三木 新開地
44%
関東 モノレール浜松町 空港快速 羽田空港
44%
地区センター 4:36 ユーカリが丘
33%
中学校 4:42 ユーカリが丘
33%
平石 4:49 芳賀・高根沢工業団地
33%
関東 平石中央小学校前 4:51 三田
33%
中部 金沢 七尾
33%
関東 流山 4:53 馬橋
33%
飛山城跡 芳賀・高根沢工業団地
33%
関西 岡場 4:56 新開地
33%
関東 水海道 取手
33%
関西 フラワータウン 三田
33%
関東 八千代緑が丘 三鷹
33%
平和台(千葉県) 4:54 馬橋
22%
関東 金沢八景 4:55 新杉田
22%
関東 鰭ヶ崎 馬橋
22%
関西 五社 4:58 新開地
22%
関東 海の公園南口 新杉田
22%
関東 小金城趾 馬橋
22%
関西 南ウッディタウン中央 4:54 三田
11%
並木中央 金沢八景
11%
中部 東金沢 七尾
11%
関東 幸浦 金沢八景
11%
関西 飾磨 山陽姫路
11%
関東 野島公園 新杉田
11%
関東 清陵高校前 芳賀・高根沢工業団地
11%
関東 産業振興センター 金沢八景
11%
関西 大日 八尾南
11%
中部 森本 七尾
11%
関東 阿字ヶ浦 4:57 勝田
0%
関西 東須磨 新開地
0%
関東 磯崎 4:59 勝田
0%
関西 板宿 新開地
0%
関西 亀山(兵庫県) 山陽姫路
0%
No matching quizzes found
Score Distribution
Percent of People with Each Score
Percentile by Number Answered
Your Score History
You have not taken this quiz since the last reset